| 000 | 00367nam a2200157 a 4500 | ||
|---|---|---|---|
| 082 | 0 | 0 |
_a297.294 _bSADE |
| 100 | _aSadek, Mohammad | ||
| 245 | _aWarning to Cow-Protectors | ||
| 260 |
_aSurat _bDeshi Mitra _c1911 |
||
| 300 | _a71p | ||
| 500 | _aincludes index and biblioraphy | ||
| 505 | 2 | _aindex | |
| 650 | _aCow-Protectors | ||
| 700 | 1 | _aSadek, Mohammad | |
| 942 | _cBK | ||
| 999 |
_c523 _d523 |
||